Central Library OPAC University of Rajshahi

Johannes Steen : (Record no. 24066)

MARC details
000 -LEADER
fixed length control field 00907nam a2200277 i 4500
001 - CONTROL NUMBER
control field 24066
003 - CONTROL NUMBER IDENTIFIER
rucl marc code BD-RjUL
005 - DATE AND TIME OF LATEST TRANSACTION
control field 20211209001015.0
008 - FIXED-LENGTH DATA ELEMENTS--GENERAL INFORMATION
fixed length control field 140312s1967 no c b 001 0bnor
035 ## - SYSTEM CONTROL NUMBER
System control number (BD-RjUL)24132
040 ## - CATALOGING SOURCE
Original cataloging agency DLC
Transcribing agency DLC
Modifying agency DLC
-- BD-RjUL
Language of cataloging eng
041 0# - LANGUAGE CODE
Language code of text/sound track or separate title nor
Language code of summary or abstract eng
082 ## - DEWEY DECIMAL CLASSIFICATION NUMBER
Classification number 923.2
Author mark and year SUJ
100 1# - MAIN ENTRY--PERSONAL NAME
Personal name Sunnanå, Olav,
Dates associated with a name 1918-
9 (RLIN) 74138
245 00 - TITLE STATEMENT
Title Johannes Steen :
Remainder of title statsminister og parlamentarisk førar /
Statement of responsibility, etc. Olav Sunnanå.
260 ## - PUBLICATION, DISTRIBUTION, ETC. (IMPRINT)
Place of publication, distribution, etc. Oslo :
Name of publisher, distributor, etc. Det Norske samlaget,
Date of publication, distribution, etc. 1967.
300 ## - PHYSICAL DESCRIPTION
Pagination 383 p. :
Illustrations port. ;
Size 23 cm.
500 ## - GENERAL NOTE
General note Summary in English.
504 ## - BIBLIOGRAPHY, ETC. NOTE
Bibliography, etc Includes Bibliography: p. 306-313 and index.
600 10 - SUBJECT ADDED ENTRY--PERSONAL NAME
Personal name Steen, Johannes Wilhelm Christian,
Dates associated with a name 1827-1906.
650 #0 - SUBJECT ADDED ENTRY--TOPICAL TERM
Topical term or geographic name as entry element Prime ministers
Geographic subdivision Norway
General subdivision Biography.
9 (RLIN) 74140
651 #0 - SUBJECT ADDED ENTRY--GEOGRAPHIC NAME
Geographic name Norway
General subdivision Politics and government
Chronological subdivision 1814-1905.
9 (RLIN) 74141
942 ## - ADDED ENTRY ELEMENTS (KOHA)
Source of classification or shelving scheme Dewey Decimal Classification
Koha item type Books
Holdings
Lost status Source of classification or shelving scheme Damaged status Not for loan Collection code Permanent Location Current Location Shelving location Date acquired Source of acquisition Cost, normal purchase price Total Checkouts Full call number Date last seen Copy number Koha item type
  Dewey Decimal Classification   Added to bundle Non-fiction Central Library, University of Rajshahi Central Library, University of Rajshahi Reading Room 04/04/1977 U.S.I.S Gift 0.00   923.2 SUJ 1967 12/03/2014 C-1 Books